000 00779nam a2200205 i 4500
001 112576
003 ES-MaACL
005 20251127164928.0
007 t|
008 061121s1918 sp f |||| | spa d
100 1 _aMuñoz Ruiz de Pasanis, Antonio.
_984494
245 1 0 _aArtículos científicos y médico-sociales /
_cdel doctor D. Antonio Muñoz Ruiz de Pasanis ; escogidos , revisados y precedidos de un prólogo por el Dr. Calatraveño.
260 _aMadrid :
_bJulio Cosano,
_c1918.
300 _aXV, 527 p. 1 lám. ;
_c22 cm.
650 4 _aMedicina-
_vMisceláneas.
_9170607
650 0 0 _aCiencia-
_xAspectos sociales
_9237698
700 1 _aCalatraveño y Valladares, Fernando,
_d1851-1916
_9126284
852 _aES-MaACL
_jB-11411
999 _c112576
_d112576